Uso y abuso de nuevas tecnologías /
Guardado en:
| Autor Corporativo: | |
|---|---|
| Formato: | |
| Materias: | |
| Etiquetas: |
Agregar Etiqueta
Sin Etiquetas, Sea el primero en etiquetar este registro!
|
| LEADER | 00950ngm a22002535g 4500 | ||
|---|---|---|---|
| 001 | CEM.cems022932 | ||
| 008 | 130507b2009##################0###0#####d | ||
| 005 | 20241127135630.0 | ||
| 245 | 1 | 0 | |a Uso y abuso de nuevas tecnologías / |c Canal Encuentro. |
| 300 | |a 62'. | ||
| 500 | |a En soporte VHS, consultar en ventanilla. | ||
| 505 | 0 | |a El uso de celulares e internet. Uso y abuso de las nuevas tecnologías. La cultura digital. Opiniones de expertos y la visión de los jóvenes. El uso de internet en la escuela. Los fotologs. | |
| 538 | |a Soporte: VHS - Norma: Pal N - Color: Si - Grabación DRD 2009 - Hitachi=2740 | ||
| 110 | 2 | |a Canal Encuentro. | |
| 082 | 3 | 0 | |/ MEJ-1 |
| 653 | |a SOCIEDAD | ||
| 653 | |a CULTURA | ||
| 653 | |a POLITICA | ||
| 653 | |a TECNOLOGIAS | ||
| 653 | |a CELULARES | ||
| 653 | |a INTERNET | ||
| 653 | |a NIVEL PRIMARIO | ||
| 653 | |a NIVEL SECUNDARIO | ||
| 859 | |a CEMS |b BIB. CEMS - Depto. Recursos Didacticos |h 301 |i MEJ-1 |k DRD |p 1575.12 |t Ej.1 | ||
